Microsoft C: advanced programming techniques, for MS OS-2, and MS-DOS, operating systems

Saved in:
Bibliographic Details
Corporate Author: Microsoft Corporation (Author)
Format: Book
Language:English
Published: Redmond Microsoft Co 1990
Subjects:
Tags: Add Tag
No Tags, Be the first to tag this record!

MARC

LEADER 00000nam a2200000 a 4500
001 UCM0587
003 CL-VaPUC
008 020301e19900000us |||||||||||||||||eng|d
082 0 4 |a 005.133  |b MIC  |2 21 
110 2 |a Microsoft Corporation  |e author  |9 467481 
245 1 0 |a Microsoft C: advanced programming techniques, for MS OS-2, and MS-DOS, operating systems 
300 |a 477 p 
942 |c BK 
945 |d 20020301 00:00:00  |a cmena 
260 |a Redmond  |b Microsoft Co  |c 1990 
650 7 |a LENGUAJES DE PROGRAMACION - C  |2 CL-VaPUC  |9 467482 
650 0 |a Programación de computadores   |9 259531 
650 7 |a SISTEMAS OPRATIVOS  |2 CL-VaPUC  |9 467483 
583 |a last modification  |c 20140410 06:48:11  |k Rodrigo Vera 
999 |c 299472  |d 299470 
952 |0 0  |1 0  |4 0  |6 005_133000000000000_MIC_1990  |7 0  |8 A  |9 356033  |a BIBING  |b BIBING  |d 2019-11-21  |i 3791572  |o 005.133 MIC 1990  |p 3791572  |r 2025-01-20  |w 2019-11-21  |y BK  |k EII